000 00698cam a2200145 4500500
005 20251228093425.0
041 _afre
042 _adc
100 1 0 _aAucouturier, Michel
_eauthor
245 0 0 _aTERONI Sandra, KLEIN Wolfgang, éds. Pour la défense de la culture : les textes du Congrès international des écrivains, Paris, juin 1935 réunis et présentés par Sandra Teroni et Wolfgang Klein Dijon : Éditions universitaires de Dijon, 2005, 665p.
260 _c2005.
500 _a31
786 0 _nCahiers du monde russe | Vol 46 | 4 | 2005-11-01 | p. 859t-990t | 1252-6576
856 4 1 _uhttps://shs.cairn.info/revue-cahiers-du-monde-russe-2005-4-page-859t?lang=fr&redirect-ssocas=7080
999 _c1604346
_d1604346